Clásicos del derecho procesal civil (Record no. 33194)
[ view plain ]
| 000 -LEADER | |
|---|---|
| fixed length control field | 00917 a2200277 4500 |
| 008 - FIXED-LENGTH DATA ELEMENTS--GENERAL INFORMATION | |
| fixed length control field | 130415t cr||||| |||| 00| 0 spa d |
| 020 ## - INTERNATIONAL STANDARD BOOK NUMBER | |
| International Standard Book Number | 9968380814 (o.c.) |
| 020 ## - INTERNATIONAL STANDARD BOOK NUMBER | |
| International Standard Book Number | 9968380083 (V.1) |
| 020 ## - INTERNATIONAL STANDARD BOOK NUMBER | |
| International Standard Book Number | 9968380105 (V.2) |
| 020 ## - INTERNATIONAL STANDARD BOOK NUMBER | |
| International Standard Book Number | 9968380121 (V.3) |
| 020 ## - INTERNATIONAL STANDARD BOOK NUMBER | |
| International Standard Book Number | 9968380148 (V.4) |
| 050 04 - LIBRARY OF CONGRESS CALL NUMBER | |
| Classification number | KKH1710 |
| Item number | C53 2001 |
| 245 03 - TITLE STATEMENT | |
| Title | Clásicos del derecho procesal civil |
| Statement of responsibility, etc | / Ugo Rocco,...[et.al] ; traducido por E. Gómez Orbaneja |
| 250 ## - EDITION STATEMENT | |
| Edition statement | 1a ed. |
| 260 ## - PUBLICATION, DISTRIBUTION, ETC. (IMPRINT) | |
| Place of publication, distribution, etc | Costa Rica : |
| Name of publisher, distributor, etc | Jurídica Universitaria, |
| Date of publication, distribution, etc | 2001 |
| 300 ## - PHYSICAL DESCRIPTION | |
| Extent | 4 v. ; |
| Dimensions | 28 cm. |
| 490 0# - SERIES STATEMENT | |
| Series statement | Clásicos del Derecho Procesal Civil |
| 504 ## - BIBLIOGRAPHY, ETC. NOTE | |
| Bibliography, etc | Incluye bibliografía e índices |
| 650 #7 - SUBJECT ADDED ENTRY--TOPICAL TERM | |
| Source of heading or term | LEMB |
| Topical term or geographic name as entry element | Procedimiento civil |
| Geographic subdivision | Italia |
| 700 1# - ADDED ENTRY--PERSONAL NAME | |
| Personal name | Rocco, Ugo |
| Relator term | coaut. |
| 700 1# - ADDED ENTRY--PERSONAL NAME | |
| Personal name | Couture, Eduardo J. |
| Relator term | coaut. |
| 700 1# - ADDED ENTRY--PERSONAL NAME | |
| Personal name | Alsina, Hugo |
| Relator term | coaut. |
| 700 1# - ADDED ENTRY--PERSONAL NAME | |
| Personal name | Chiovenda, Giusseppe |
| Relator term | coaut. |
| 700 1# - ADDED ENTRY--PERSONAL NAME | |
| Personal name | Gómez Orbaneja, E. |
| Relator term | coaut. |
| 942 ## - ADDED ENTRY ELEMENTS (KOHA) | |
| Source of classification or shelving scheme | Biblioteca del Cogreso de los Estados Unidos |
| Koha item type | Libro |
| Estado de pérdida | Fuente de clasificación | Estado del daño | No para préstamo | Ubicación permanente | Ubicación actual | Apartado o colección | Fecha de adquisición | Fuente de adquisición | Área del conocimiento | Clasificación | Código de Barras | Date last seen | Número de copia | Tipo de recurso |
|---|---|---|---|---|---|---|---|---|---|---|---|---|---|---|
| Biblioteca del Cogreso de los Estados Unidos | Biblioteca Campus Ciudad Hidalgo | Biblioteca Campus Ciudad Hidalgo | Consulta | 15/04/2013 | KKH1710 C53 2001 | BCCH000000658 | 27/09/2012 | C : 1 V : 1 | Libro | |||||
| Biblioteca del Cogreso de los Estados Unidos | Biblioteca Campus Ciudad Hidalgo | Biblioteca Campus Ciudad Hidalgo | Consulta | 15/04/2013 | KKH1710 C53 2001 | BCCH000000659 | 16/01/2015 | C : 1 V : 2 | Libro | |||||
| Biblioteca del Cogreso de los Estados Unidos | Biblioteca Campus Ciudad Hidalgo | Biblioteca Campus Ciudad Hidalgo | Consulta | 15/04/2013 | KKH1710 C53 2001 | BCCH000000660 | 16/01/2015 | C : 1 V : 3 | Libro | |||||
| Biblioteca del Cogreso de los Estados Unidos | Biblioteca Campus Ciudad Hidalgo | Biblioteca Campus Ciudad Hidalgo | Consulta | 15/04/2013 | KKH1710 C53 2001 | BCCH000000661 | 16/01/2015 | C : 1 V : 4 | Libro |